000 00631nam a2200241 a 4500
001 0001-1199
003 ELIB.Books
008 150514 2010 eng
020 _a0913367222
035 _a(ELIB.Books)0001-1354
092 _a248.8
_bGra
100 _aGraham, Franklin.
245 _aLiving Beyond the Limits:
_bA Life in Sync with God
260 _aNashville
_bThomas Nelson Publishers
_c1998
300 _a216
_c21 Cm
500 _aLibrary
650 _aChristian Life
856 _nKBTS: Library
_uKBTS: Elib
942 _2ddc
_cBK
990 _a1
998 _cbat
_e2015-05-14
999 _c11199
_d11199